| 000 | 00758nam a22002177a 4500 | ||
|---|---|---|---|
| 999 |
_c12038 _d12038 |
||
| 003 | AR-CdUCM | ||
| 008 | 190405b ||||| |||| 00| 0 spa d | ||
| 040 |
_aMUNICIPALIDAD PROVINCIAL DEL CUSCO _cBIBLIOTECA MUNICIPAL DEL CUSCO |
||
| 082 |
_a335.6 / _bH59 / 1920 |
||
| 100 |
_aHitler, Adolfo _929698 |
||
| 245 | _aMi lucha / | ||
| 260 |
_aBuenos Aires : _bLuz, _c1920. |
||
| 300 |
_a204 páginas : _c19 cm. |
||
| 505 | _aContenido : Prefacio del autor -- Mi patria -- Mis estudios y luchas en Viena -- Consideraciones políticas resultantes de mi estancia en Viena ... | ||
| 650 |
_aPolítica _9291 |
||
| 650 |
_aSociología _9276 |
||
| 650 |
_aAlemania _91327 |
||
| 700 |
_aSaldivar, Alberto _929699 |
||
| 942 |
_2ddc _cLIBROS |
||
| 945 |
_arah _d05/04/2019 |
||